| Tag |
First Indicator |
Second Indicator |
Subfields |
| LEADER |
00000cam a2200000Ia 4500 |
| 001 |
in00002374449 |
| 005 |
20151109045232.0 |
| 008 |
990122s1998 mouabc 000 0 eng d |
| 020 |
|
|
|a 096619022X
|
| 020 |
|
|
|a 9780966190229
|
| 035 |
|
|
|a (OCoLC)ocm40665885
|
| 040 |
|
|
|a MMC
|c MMC
|d IQU
|d CGU
|d TXA
|d UtOrBLW
|
| 043 |
|
|
|a n-ust--
|
| 049 |
|
|
|a TXAM
|
| 082 |
0 |
|
|a 978
|
| 090 |
|
|
|a E403.1.K2
|b A4 1998
|
| 100 |
1 |
|
|a Kearny, Stephen Watts,
|d 1794-1848.
|
| 240 |
1 |
0 |
|a Correspondence.
|k Selections
|
| 245 |
1 |
0 |
|a Winning the West :
|b General Stephen Watts Kearny's letter book 1846-1847 /
|c Hans von Sachsen-Altenburg and Laura Gabiger, with an introduction by Stephanie Kearny.
|
| 246 |
3 |
0 |
|a General Stephen Watts Kearny's letter book
|
| 264 |
|
1 |
|a Booneville, Mo. :
|b Pekitanoui Publications,
|c [1998]
|
| 264 |
|
4 |
|c ©1998
|
| 300 |
|
|
|a vii, 321 pages :
|b illustrations, maps, portraits ;
|c 23 cm.
|
| 336 |
|
|
|a text
|b txt
|2 rdacontent
|
| 337 |
|
|
|a unmediated
|b n
|2 rdamedia
|
| 338 |
|
|
|a volume
|b nc
|2 rdacarrier
|
| 500 |
|
|
|a Cushing copy signed by the author.
|
| 600 |
1 |
0 |
|a Kearny, Stephen Watts,
|d 1794-1848
|v Correspondence.
|
| 610 |
1 |
0 |
|a United States.
|b Army
|x Officers
|v Correspondence.
|
| 650 |
|
0 |
|a Mexican War, 1846-1848.
|
| 651 |
|
0 |
|a Southwest, New.
|
| 700 |
1 |
|
|a Sachsen-Altenburg, Hans von.
|
| 700 |
1 |
|
|a Gabiger, Laura.
|
| 700 |
1 |
|
|a Kearny, Stephanie.
|
| 948 |
|
|
|a cataloged
|b h
|c 2008/4/28
|d c
|e dmitchel
|f 1:26:18 pm
|
| 994 |
|
|
|a C0
|b TXA
|
| 999 |
|
|
|a MARS
|
| 999 |
f |
f |
|s 40dce5ee-71d3-3914-a56e-d463d8c433fb
|i 38af7137-8bb1-34ce-bd66-c45389eddf5b
|t 0
|
| 952 |
f |
f |
|p noncirc
|a Texas A&M University
|b College Station
|c Cushing Memorial Library & Archives
|d Cushing: Ragan Military (Does not check out)
|t 0
|e E403.1.K2 A4 1998
|h Library of Congress classification
|i unmediated -- volume
|
| 998 |
f |
f |
|a E403.1.K2 A4 1998
|t 0
|l Cushing: Ragan Military (Does not check out)
|